000 00315nam a2200133Ia 4500
082 _a615.321
_bP2002S
100 _aSANTOSKAR,R.S.
245 _aPHARMACOLOGY AND PHARMACOTHERAPEUTICS
250 _a17TH
260 _bPOPULAR PRAKASHAN
_aMUMBAI
_c2002
300 _a1-1111
650 _aPHARMACOLOGY
942 _2ddc
_cBK
999 _c2670
_d2670